Color television picture tubes
Spremljeno u:
| Glavni autor: | |
|---|---|
| Format: | Knjiga |
| Jezik: | Undetermined |
| Izdano: |
New York
Academic Press
1974
|
| Teme: | |
| Oznake: |
Dodaj oznaku
Bez oznaka, Budi prvi tko označuje ovaj zapis!
|
| Thư viện lưu trữ: | Trung tâm Học liệu Trường Đại học Cần Thơ |
|---|
| LEADER | 00519nam a2200193Ia 4500 | ||
|---|---|---|---|
| 001 | CTU_84051 | ||
| 008 | 210402s9999 xx 000 0 und d | ||
| 082 | |a 621.388 | ||
| 082 | |b M873 | ||
| 100 | |a Morrell, A. M. | ||
| 245 | 0 | |a Color television picture tubes | |
| 245 | 0 | |c A. M. Morrell | |
| 260 | |a New York | ||
| 260 | |b Academic Press | ||
| 260 | |c 1974 | ||
| 650 | |a Television picture tubes | ||
| 650 | |x Color television | ||
| 904 | |i Qhieu(sửa) | ||
| 980 | |a Trung tâm Học liệu Trường Đại học Cần Thơ | ||